000 01420nam a2200325 4500
001 0000022122
003 CO-CtgCURN
005 20250513221801.0
007 ta
008 160627s2006 000 0 eng d
020 _a9583505633
040 _aCO-CtgCURN
_bspa
_ccoctgcurn
082 0 _a346
_bV152d
100 1 _aValencia Zea, Arturo.
245 1 0 _aDerecho civil :
_bparte general y personas /
_cArturo Valencia Zea, Alvaro Ortíz Monsalve.
250 _a16a ed.
260 _aBogotá :
_bTemis,
_c2006.
300 _av.1.
336 _2rdacontent
337 _2rdamedia
_asin mediacion
_bn
338 _2rdacarrier
_avolumen
_bnc
500 _aIncluye indices.
504 _aIncluye bibliografia p. (633-646)
505 8 _aConceptos y diferentes ramas del derecho objetivo -- Fuentes del derecho civil -- Interpretacion de las leyes -- Investigación cientifica del derecho -- Aplicacion de las normas juridicas en el tiempo y el espacio -- Teoria de los derechos subjetivos -- Sujeto y objeto de los derechos -- Las personas fisicas en si mismas consideradas -- Personas juridicas -- Las personas en relacion con el ejercicio de sus derechos: (teoria general del negocio juridico)
650 1 4 _aDerecho civil
_zColombia.
700 1 _aOrtíz Monsalve, Alvaro.
908 _a160627
942 _cBK
_h346
_iV152d
_2ddc
_n0
999 _c19982
_d19982